000 01114nas a2200361 4500
001 BR2011008269
003 BR-BrBNA
005 20231205115855.0
007 ta
008 230509b bl.|||p| |||| 00| 00por d
040 _aBR-BrBNA
_bpor
_cBiblioteca Nacional de Agricultura
041 _a(Pt)
072 _aL02
100 1 _aKroll, F.S.
100 1 _aChampion, T.
100 1 _aLopes, F.
100 1 _aBrunetto, M.A.
100 1 _aCamacho, A.A.
100 1 _aCarciofi, A.C.
245 1 _aA importância do sódio no manejo nutricional de cães e gatos cardiopatas
246 1 _aThe importance of sodium in the nutritional management of cardiac dogs and cats
650 _aCÃO
650 _aGATO
650 _aNUTRIÇÃO ANIMAL
650 _aCARDIOPATIA
650 _aDIETA
650 _aSAL
650 _a
650 _a
773 0 _tMEDVEP. Revista Científica de Medicina Veterinária. Pequenos Animais e Animais de Estimação (Brazil)
_xISSN 1678-1430
_g(Oct-Dec 2010), v. 8(27) p. 608-614
_wBR2011008269
909 _a202311
_bLúcia
_c55
_dLúcia Elande
942 _2AGRIS
_n0
_cANA
999 _c216108
_d216108